| 000 | 01896nam a2200325 a 4500 | ||
|---|---|---|---|
| 001 | eep9781781005163 | ||
| 003 | UtOrBLW | ||
| 005 | 20210215104150.0 | ||
| 006 | m o d | ||
| 007 | cr un||||||||| | ||
| 008 | 120109s2012 enkabd ob 001 0 eng d | ||
| 010 | _a 2012930567 | ||
| 020 | _a9781781005163 (e-book) | ||
| 040 |
_aDLC _cDLC _dUtOrBLW |
||
| 050 | 4 |
_aG156.5.E26 _bT57 2012 |
|
| 100 | 1 | _aTisdell, Clem. | |
| 245 | 1 | 0 |
_aNature-based tourism and conservation _h[electronic resource] : _bnew economic insights and case studies / _cClem Tisdell and Clevo Wilson. |
| 260 |
_aCheltenham, U.K. : _bEdward Elgar, _c2012. |
||
| 300 |
_a1 online resource (viii, 506 p.) : _bill., maps. |
||
| 504 | _aIncludes bibliographical references and index. | ||
| 505 | 0 | _apt. 1. Background -- pt. 2. Tourism, protected areas and nature conservation -- pt. 3. Particular wildlife species or groups of species as tourist attractions -- pt. 4. This study in retrospect. | |
| 520 | _aNature-based Tourism and Conservation unearths new or neglected principles relevant to tourism and recreational economics, environmental valuation and economic theory. Its three parts have chapters on nature-based tourism and its relationships to conservation including case studies dealing with the consequences of World Heritage listing of natural sites, Antarctic, subtropical and tropical national park-based tourism and an NGO's conservation efforts modelled on ecotourism. The final part focuses on tourism utilizing particular wildlife, including sea turtles, whales, penguins, royal albatross, glow-worms and tree kangaroos. | ||
| 650 | 0 | _aEcotourism. | |
| 650 | 0 | _aNature conservation. | |
| 655 | 7 |
_aElectronic books. _2lcsh |
|
| 700 | 1 | _aWilson, Clevo. | |
| 710 | 2 | _aEdward Elgar Publishing. | |
| 776 | 1 | _z9781848448674 (hardback) | |
| 856 | 4 | 0 | _uhttps://www.elgaronline.com/view/9781848448674.xml |
| 999 |
_c28804 _d28804 |
||